| 000 | 00716nam a22002537a 4500 | ||
|---|---|---|---|
| 001 | BR2015004393 | ||
| 003 | BR-BrBNA | ||
| 005 | 20230928104707.0 | ||
| 007 | ta | ||
| 008 | 230509b bl.||||| |||| 00| 0 por d | ||
| 040 |
_aBR-BrBNA _bpor _cBiblioteca Nacional de Agricultura |
||
| 041 | _a(Por) | ||
| 072 |
_aB50; K50 _b3240 |
||
| 090 | _ 3240 BR2015004393 | ||
| 100 | 1 | _aSilveira, C. | |
| 245 | 1 |
_aNavarro de Andrade um nome que o brasileiro precisa conhecer, e o eucalipto _bSeparata da Revista da Semana |
|
| 260 | 3 |
_aRio de Janeiro, RJ (Brasil): _c1945. |
|
| 300 | _a16 p. | ||
| 500 | _a11 illus | ||
| 650 | _aEUCALIPTO | ||
| 650 | _aHISTÓRIA | ||
| 909 |
_a202309 _bLucia _c55 _dLucia Elande |
||
| 942 | _cBK | ||
| 999 |
_c81249 _d81249 |
||